[Event "Chess House 2012"]
[Site "?"]
[Date "2012.07.10"]
[Round "4.6"]
[White "Semcesen, 2464, IM Daniel"]
[Black "Eggleston, 2323, FM David"]
[Result "1-0"]
[LiveChessVersion "1.3.1"]
[BlackElo "2323"]
[WhiteElo "2464"]

1. c4 {[%clk 1:30:55]} b6 {[%clk 1:14:16]} 2. Nc3 {[%clk 1:30:51]} Bb7
{[%clk 1:14:03]} 3. d4 {[%clk 1:30:03]} Nf6 {[%clk 1:14:23]} 4. f3
{[%clk 1:24:36]} Nc6 {[%clk 1:07:47]} 5. d5 {[%clk 1:23:38]} Ne5 {[%clk 1:08:11]}
6. e4 {[%clk 1:23:09]} e6 {[%clk 1:06:01]} 7. f4 {[%clk 1:18:58]} Ng6
{[%clk 1:06:11]} 8. e5 {[%clk 1:18:53]} Ng8 {[%clk 1:06:19]} 9. Be3
{[%clk 1:14:45]} Bb4 {[%clk 1:03:00]} 10. Nge2 {[%clk 1:06:33]} exd5
{[%clk 0:52:45]} 11. a3 {[%clk 1:05:04]} Bxc3+ {[%clk 0:50:36]} 12. Nxc3
{[%clk 1:05:23]} dxc4 {[%clk 0:44:04]} 13. Qd2 {[%clk 0:59:09]} N8e7
{[%clk 0:38:27]} 14. Bxc4 {[%clk 0:52:41]} Nf5 {[%clk 0:37:38]} 15. O-O-O
{[%clk 0:52:42]} Bxg2 {[%clk 0:35:13]} 16. Rhg1 {[%clk 0:47:09]} Bf3
{[%clk 0:33:16]} 17. Rdf1 {[%clk 0:47:16]} Bc6 {[%clk 0:32:28]} 18. Bf2
{[%clk 0:44:14]} d6 {[%clk 0:26:29]} 19. e6 {[%clk 0:39:07]} f6 {[%clk 0:24:26]}
20. Nd5 {[%clk 0:30:45]} Nge7 {[%clk 0:23:24]} 21. Nxe7 {[%clk 0:30:44]} Qxe7
{[%clk 0:22:20]} 22. Bd5 {[%clk 0:31:04]} Bb5 {[%clk 0:16:18]} 23. Bxa8
{[%clk 0:27:52]} Bxf1 {[%clk 0:08:38]} 24. Rxf1 {[%clk 0:26:50]} g6
{[%clk 0:08:00]} 25. Bc6+ {[%clk 0:25:46]} Kf8 {[%clk 0:08:21]} 26. Qd5
{[%clk 0:25:37]} Rg8 {[%clk 0:07:28]} 27. Rg1 {[%clk 0:25:21]} Rg7
{[%clk 0:06:44]} 28. Bd7 {[%clk 0:24:46]} Qd8 {[%clk 0:06:35]} 29. Be1
{[%clk 0:22:40]} Ne7 {[%clk 0:06:21]} 30. Qb7 {[%clk 0:22:37]} a5
{[%clk 0:06:00]} 31. Bc3 {[%clk 0:22:48]} Nf5 {[%clk 0:05:54]} 32. Bxf6
{[%clk 0:23:00]} 1-0

[Event "Chess House 2012"]
[Site "?"]
[Date "2012.07.10"]
[Round "4.7"]
[White "Andersen, 2328, Jackie"]
[Black "Hagesæther, 2278, Halvard"]
[Result "1-0"]
[LiveChessVersion "1.3.1"]
[BlackElo "2278"]
[WhiteElo "2328"]

1. d4 {[%clk 1:18:44]} Nf6 {[%clk 1:30:47]} 2. Nf3 {[%clk 1:18:52]} d6
{[%clk 1:31:03]} 3. c4 {[%clk 1:18:52]} g6 {[%clk 1:31:08]} 4. Nc3
{[%clk 1:18:53]} Bf5 {[%clk 1:31:17]} 5. Qb3 {[%clk 1:12:33]} Qc8
{[%clk 1:28:16]} 6. h3 {[%clk 1:12:08]} Bg7 {[%clk 1:24:57]} 7. g4
{[%clk 1:04:48]} Bd7 {[%clk 1:23:57]} 8. e4 {[%clk 1:02:53]} O-O {[%clk 1:23:15]}
9. Be3 {[%clk 1:02:37]} a5 {[%clk 1:01:13]} 10. Qc2 {[%clk 0:57:59]} Na6
{[%clk 0:48:20]} 11. a3 {[%clk 0:53:11]} Qb8 {[%clk 0:34:20]} 12. Be2
{[%clk 0:48:41]} c6 {[%clk 0:33:33]} 13. c5 {[%clk 0:41:16]} b5 {[%clk 0:31:35]}
14. cxb6 {[%clk 0:35:50]} Qxb6 {[%clk 0:31:48]} 15. Nd2 {[%clk 0:34:49]} d5
{[%clk 0:25:25]} 16. e5 {[%clk 0:33:20]} Ne8 {[%clk 0:25:47]} 17. Na4
{[%clk 0:33:24]} Qa7 {[%clk 0:24:22]} 18. Nb3 {[%clk 0:32:04]} f6
{[%clk 0:23:13]} 19. O-O {[%clk 0:27:35]} c5 {[%clk 0:15:25]} 20. Naxc5
{[%clk 0:26:10]} a4 {[%clk 0:15:39]} 21. Bxa6 {[%clk 0:24:52]} axb3
{[%clk 0:14:27]} 22. Qxb3 {[%clk 0:25:14]} Bc6 {[%clk 0:09:35]} 23. f4
{[%clk 0:22:51]} h5 {[%clk 0:07:47]} 24. Bd3 {[%clk 0:21:35]} hxg4
{[%clk 0:07:49]} 25. hxg4 {[%clk 0:21:28]} g5 {[%clk 0:07:15]} 26. Qc2
{[%clk 0:21:07]} gxf4 {[%clk 0:07:25]} 27. Qh2 {[%clk 0:20:56]} f5
{[%clk 0:07:43]} 28. Rxf4 {[%clk 0:20:43]} 1-0

[Event "Chess House 2012"]
[Site "?"]
[Date "2012.07.10"]
[Round "4.9"]
[White "Jacobsen, 2302, Bo"]
[Black "Papp, 2303, WGM Petra"]
[Result "1-0"]
[LiveChessVersion "1.3.1"]
[BlackElo "2303"]
[WhiteElo "2302"]

1. Nf3 {[%clk 1:30:56]} Nf6 {[%clk 1:29:55]} 2. g3 {[%clk 1:31:19]} g6
{[%clk 1:29:49]} 3. c4 {[%clk 1:31:41]} Bg7 {[%clk 1:29:50]} 4. Bg2
{[%clk 1:32:09]} d5 {[%clk 1:29:49]} 5. d4 {[%clk 1:26:20]} dxc4 {[%clk 1:21:43]}
6. O-O {[%clk 1:23:11]} O-O {[%clk 1:21:17]} 7. Na3 {[%clk 1:19:32]} c3
{[%clk 1:20:41]} 8. bxc3 {[%clk 1:19:24]} c5 {[%clk 1:20:35]} 9. Ne5
{[%clk 1:05:46]} Nd5 {[%clk 1:04:49]} 10. Bb2 {[%clk 0:55:00]} Nb6
{[%clk 1:03:30]} 11. Nac4 {[%clk 0:52:05]} N8d7 {[%clk 1:01:43]} 12. a4
{[%clk 0:45:13]} Qc7 {[%clk 0:45:30]} 13. Nxb6 {[%clk 0:32:46]} axb6
{[%clk 0:42:03]} 14. Nd3 {[%clk 0:31:56]} Nf6 {[%clk 0:40:13]} 15. e4
{[%clk 0:30:38]} Bg4 {[%clk 0:37:37]} 16. f3 {[%clk 0:28:03]} Bd7
{[%clk 0:34:08]} 17. Ne5 {[%clk 0:24:52]} Rfd8 {[%clk 0:32:00]} 18. f4
{[%clk 0:24:48]} Be8 {[%clk 0:30:35]} 19. Qb3 {[%clk 0:25:05]} Nd7
{[%clk 0:28:42]} 20. Nc4 {[%clk 0:24:23]} Ra6 {[%clk 0:24:48]} 21. d5
{[%clk 0:23:02]} Nf6 {[%clk 0:20:12]} 22. Rfd1 {[%clk 0:23:16]} Rda8
{[%clk 0:20:04]} 23. e5 {[%clk 0:23:21]} Nxd5 {[%clk 0:16:45]} 24. Bxd5
{[%clk 0:22:38]} e6 {[%clk 0:16:39]} 25. Bg2 {[%clk 0:20:28]} Bf8
{[%clk 0:15:48]} 26. a5 {[%clk 0:15:15]} b5 {[%clk 0:16:17]} 27. Nd6
{[%clk 0:11:59]} c4 {[%clk 0:15:00]} 28. Qb4 {[%clk 0:11:11]} Rxa5
{[%clk 0:14:59]} 29. Rxa5 {[%clk 0:10:08]} Rxa5 {[%clk 0:15:27]} 30. Ba3
{[%clk 0:10:16]} Bc6 {[%clk 0:12:42]} 31. Qc5 {[%clk 0:09:38]} b4
{[%clk 0:10:07]} 32. Qxb4 {[%clk 0:08:22]} Bxg2 {[%clk 0:09:22]} 33. Kxg2
{[%clk 0:07:36]} Qc6+ {[%clk 0:09:38]} 34. Kf2 {[%clk 0:04:29]} Rd5
{[%clk 0:09:25]} 35. Qb1 {[%clk 0:02:50]} Be7 {[%clk 0:09:07]} 36. Bb4
{[%clk 0:02:23]} Bd8 {[%clk 0:09:14]} 37. Rxd5 {[%clk 0:01:49]} Qxd5
{[%clk 0:09:35]} 38. Qe4 {[%clk 0:01:32]} Qd2+ {[%clk 0:09:29]} 39. Qe2
{[%clk 0:01:53]} Bb6+ {[%clk 0:09:42]} 40. Kf1 {[%clk 0:01:56]} Qc1+
{[%clk 0:09:08]} 41. Qe1 {[%clk 0:25:42]} Qc2 {[%clk 0:39:05]} 42. Nxc4
{[%clk 0:26:04]} Qd3+ {[%clk 0:37:26]} 43. Qe2 {[%clk 0:26:26]} Qb1+
{[%clk 0:37:47]} 44. Kg2 {[%clk 0:26:48]} Qg1+ {[%clk 0:37:34]} 45. Kh3
{[%clk 0:27:01]} Bf2 {[%clk 0:37:48]} 46. Nd2 {[%clk 0:25:09]} Bb6
{[%clk 0:36:42]} 47. Qb5 {[%clk 0:23:00]} Kg7 {[%clk 0:36:40]} 48. Qe8
{[%clk 0:18:03]} Kh6 {[%clk 0:37:02]} 49. Bf8+ {[%clk 0:17:16]} 1-0

[Event "Chess House 2012"]
[Site "?"]
[Date "2012.07.10"]
[Round "4.10"]
[White "Kyhl Sørensen, 2181, Torben"]
[Black "Hansen, 2341, FM Mads"]
[Result "0-1"]
[LiveChessVersion "1.3.1"]
[BlackElo "2341"]
[WhiteElo "2181"]

1. e4 {[%clk 1:30:56]} c5 {[%clk 1:30:33]} 2. c3 {[%clk 1:31:12]} g6
{[%clk 1:30:27]} 3. d4 {[%clk 1:30:59]} cxd4 {[%clk 1:30:28]} 4. cxd4
{[%clk 1:31:13]} d5 {[%clk 1:30:47]} 5. exd5 {[%clk 1:23:27]} Nf6
{[%clk 1:30:57]} 6. Nc3 {[%clk 1:22:01]} Bg7 {[%clk 1:31:08]} 7. Bb5+
{[%clk 1:19:49]} Nbd7 {[%clk 1:31:17]} 8. d6 {[%clk 1:18:36]} exd6
{[%clk 1:26:51]} 9. Qe2+ {[%clk 1:17:04]} Qe7 {[%clk 1:26:45]} 10. Qxe7+
{[%clk 1:16:45]} Kxe7 {[%clk 1:27:12]} 11. Nf3 {[%clk 1:10:18]} a6
{[%clk 1:20:50]} 12. Bd3 {[%clk 1:01:27]} Nb6 {[%clk 1:14:50]} 13. O-O
{[%clk 0:59:55]} h6 {[%clk 1:13:08]} 14. h3 {[%clk 0:57:19]} Be6 {[%clk 1:09:11]}
15. Re1 {[%clk 0:51:53]} Rac8 {[%clk 1:00:36]} 16. Bd2 {[%clk 0:50:50]} Kd7
{[%clk 0:54:08]} 17. b3 {[%clk 0:44:55]} Rc6 {[%clk 0:43:33]} 18. Kf1
{[%clk 0:24:15]} Rhc8 {[%clk 0:41:25]} 19. Nd1 {[%clk 0:23:53]} Nfd5
{[%clk 0:38:19]} 20. a4 {[%clk 0:17:45]} f5 {[%clk 0:28:53]} 21. a5
{[%clk 0:16:00]} Na8 {[%clk 0:29:21]} 22. Bc4 {[%clk 0:09:44]} Bg8
{[%clk 0:26:52]} 23. Nb2 {[%clk 0:08:39]} g5 {[%clk 0:21:39]} 24. Rab1
{[%clk 0:06:07]} Rf8 {[%clk 0:21:04]} 25. b4 {[%clk 0:01:28]} Nac7
{[%clk 0:20:29]} 26. Bd3 {[%clk 0:01:42]} Nb5 {[%clk 0:20:10]} 27. Bxb5
{[%clk 0:00:35]} axb5 {[%clk 0:20:38]} 28. Red1 {[%clk 0:00:35]} Rfc8
{[%clk 0:17:08]} 29. Be1 {[%clk 0:00:39]} Ne7 {[%clk 0:14:04]} 30. Ng1
{[%clk 0:00:35]} Rc2 {[%clk 0:13:54]} 31. Rd2 {[%clk 0:00:32]} Rxd2
{[%clk 0:13:35]} 32. Bxd2 {[%clk 0:01:00]} Rc2 {[%clk 0:14:04]} 33. Bc1
{[%clk 0:01:29]} Bxd4 {[%clk 0:14:12]} 34. Ne2 {[%clk 0:01:32]} Bf6
{[%clk 0:12:55]} 35. Ke1 {[%clk 0:01:08]} Nc6 {[%clk 0:12:07]} 0-1